Saudi Arabia's Borders Quiz Stats

Quiz Updated Mar 17, 2016

Challenge
Share
Tweet
Embed
Score 0/7 Timer 01:00
3 Plays Today
Country % Correct
Iraq
94%
Yemen
92.4%
United Arab Emirates
91.8%
Oman
90.8%
Kuwait
84.7%
Jordan
84%
Qatar
83.7%

You're not logged in!

Compare scores with friends on all Sporcle quizzes.
Sign Up with Email
OR
Log In

You Might Also Like...

Show Comments

Extras

Top Quizzes Today


Score Distribution

Your Account Isn't Verified!

In order to create a playlist on Sporcle, you need to verify the email address you used during registration. Go to your Sporcle Settings to finish the process.